|
|
|
|
| LEADER |
00000cam a22000007a 4500 |
| 001 |
14315 |
| 003 |
CZ-ZlUTB |
| 005 |
20190825233135.0 |
| 008 |
990524s1997 xr |||||r|||||||||||cze|d |
| 020 |
|
|
|a 8071981990
|
| 040 |
|
|
|a ZLD002
|b cze
|c ZLD002
|d ZLD002
|
| 041 |
1 |
|
|a cze
|
| 072 |
|
7 |
|a 159.9
|x Psychologie
|2 Konspekt
|9 17
|
| 080 |
|
|
|a 159.9
|2 MRF
|
| 100 |
1 |
|
|a Fürst, Maria
|7 jx20080318036
|4 aut
|
| 245 |
1 |
0 |
|a Psychologie :
|b včetně vývojové psychologie a teorie výchovy /
|c Maria Fürst ; [z německého originálu ... přeložil Jiří Horák]
|
| 260 |
|
|
|a Olomouc :
|b Votobia,
|c 1997
|
| 300 |
|
|
|a 242 s., [4] s. barev. příl. :
|b il.
|
| 650 |
0 |
7 |
|a psychologie
|7 ph115948
|2 czenas
|
| 700 |
1 |
|
|a Horák, Jiří
|7 jk01042071
|4 trl
|
| 765 |
0 |
|
|t Psychologie
|
| 910 |
|
|
|a ZLD002
|
| 952 |
|
|
|0 0
|1 0
|4 0
|6 15FÜRSTM
|7 0
|8 BOOK
|9 24304
|a UTBZL
|b UTBZL
|c 006
|d 2006-07-29
|i 70298
|l 25
|o 15/FÜRST,M.
|p 420010070298
|r 2025-10-02 10:02:00
|s 2025-09-01
|v 159.00
|w 2019-08-25
|x 20100831
|y 04
|
| 952 |
|
|
|0 0
|1 0
|4 0
|6 15FÜRSTM
|7 0
|8 BOOK
|9 24305
|a UTBZL
|b UTBZL
|c 006
|d 2006-07-29
|l 27
|o 15/FÜRST,M.
|p 420010078280
|r 2023-10-31 00:00:00
|s 2023-10-23
|v 159.00
|w 2019-08-25
|x N:nákup | 20100831
|y 04
|
| 952 |
|
|
|0 0
|1 0
|4 0
|6 15FÜRSTM
|7 0
|8 BOOK
|9 24306
|a UTBZL
|b UTBZL
|c 006
|d 2006-07-29
|l 22
|m 2
|o 15/FÜRST,M.
|p 420010082862
|r 2025-05-07 00:00:00
|s 2025-03-14
|v 159.00
|w 2019-08-25
|x N:nákup; N:převod z FHS - Chudý; | 20100831
|y 04
|
| 952 |
|
|
|0 0
|1 0
|4 0
|6 15FÜRSTM
|7 0
|8 BOOK
|9 24310
|a UTBZL
|b UTBZL
|c 030
|d 2006-07-29
|i 68710
|l 1
|o 15/FÜRST,M.
|p 420010068710
|r 2019-08-25 00:00:00
|v 159.00
|w 2019-08-25
|x převod FaME Mandincová 25.7.2019; | 20100430
|y 05
|
| 952 |
|
|
|0 0
|1 0
|4 0
|6 15FÜRSTM
|7 0
|8 BOOK
|9 24311
|a UTBZL
|b UTBZL
|c 030
|d 2006-07-29
|i 70299
|l 0
|o 15/FÜRST,M.
|p 420010070299
|r 2019-08-25 00:00:00
|v 159.00
|w 2019-08-25
|x 20100831
|y 05
|
| 952 |
|
|
|0 0
|1 0
|4 0
|6 15FÜRSTM
|7 0
|8 BOOK
|9 24312
|a UTBZL
|b UTBZL
|c 030
|d 2006-07-29
|l 24
|o 15/FÜRST,M.
|p 420010078278
|r 2019-08-25 00:00:00
|v 159.00
|w 2019-08-25
|x N:nákup
|y 05
|
| 952 |
|
|
|0 0
|1 0
|4 0
|6 15FÜRSTM
|7 0
|8 BOOK
|9 24313
|a UTBZL
|b UTBZL
|c 030
|d 2006-07-29
|l 28
|o 15/FÜRST,M.
|p 420010078279
|r 2019-08-25 00:00:00
|v 159.00
|w 2019-08-25
|x N:nákup | 20100831
|y 05
|
| 952 |
|
|
|0 0
|1 0
|4 0
|6 15FÜRSTM
|7 0
|8 BOOK
|9 24314
|a UTBZL
|b UTBZL
|c 030
|d 2006-07-29
|l 34
|o 15/FÜRST,M.
|p 420010082867
|r 2019-08-25 00:00:00
|v 159.00
|w 2019-08-25
|x N:nákup - dotace KFMZ 2003 Z:nahrazeno 4200101096889 (ztratil Vala Zdeněk 28120169031) | 20100831
|y 05
|
| 992 |
|
|
|a BK
|d 230
|
| 999 |
|
|
|c 14315
|d 14315
|